| 000 | 00631nam a2200205 i 4500 | ||
|---|---|---|---|
| 001 | 134878 | ||
| 003 | ES-MaACL | ||
| 005 | 20230906194749.0 | ||
| 007 | t| | ||
| 008 | 070702s1972 sp ||||1| spa d | ||
| 080 | _a16(04) | ||
| 100 | 1 |
_aThiel, Christian. _9109936 |
|
| 245 | 1 | 0 |
_aSentido y referencia en la lógica de Gottlob Frege / _cChristian Thiel ; [traducción por José Sanmartín Esplugues]. |
| 260 |
_aMadrid : _bTecnos, _c[1972] |
||
| 300 |
_a176 p. ; _c23 cm. |
||
| 600 | 1 | 4 |
_aFrege, Gottlob. _952439 |
| 650 | 4 |
_aLógica. _914693 |
|
| 700 | 1 |
_aSanmartín, José. _9103183 |
|
| 852 |
_aES-MaACL _jC-42380 _bR.81002 |
||
| 999 |
_c134878 _d134878 |
||